000 00656nam a2200229Ia 4500
003 OSt
005 20220926040124.0
006 a|||||r|||| 00| 0
007 ta
008 220923b |||||||| |||| 00| 0 eng d
037 _cGeneral Book
040 _aRTL
_cRTL
_beng
041 _2eng
_aeng
082 _aX:533.5,h, K2
110 _aEuropean Economic Community, Commission
_9125983
245 0 _aFirst stage of the common market
_b Report on the e
650 _a Free Trade
650 _aEconomics
700 _aEuropean Economic Community, Commission
_9125984
942 _hX:533.5,h, K2
_cGB
_2CC
999 _c663962
_d663962